| 000 | 00892nam a22002537a 4500 | ||
|---|---|---|---|
| 010 | _aENG-122189 | ||
| 020 |
_a9789352533008 _c525.00 |
||
| 035 | _aB-685891-918 | ||
| 035 | _aEN-105721 | ||
| 037 |
_bABC/Ven. _adpl |
||
| 037 | _bDBAD/PUB | ||
| 082 | _a589.2 | ||
| 100 | _aVashishta, B R | ||
| 245 |
_aBotany for degree students fungi / _cby B.R. Vashishta, A. K. Sinha [and] Anil Kumar |
||
| 250 | _arev.ed | ||
| 260 |
_aNew Delhi _bS. Chand _c2016 |
||
| 270 |
_a7361, Ram Nagar, _bNew Delhi _e110055 |
||
| 300 |
_axvi,794p.: _bill.(col.) _c24cm(pbk) |
||
| 500 | _aIncludes bibliographical references and index | ||
| 700 | _aSinha, A. K. | ||
| 700 | _aAnil Kumar | ||
| 942 |
_2ddc _cEN _h589.2 _mVAS |
||
| 999 |
_c89031 _d89031 |
||